| 000 | 00700cab a2200229 4500 | ||
|---|---|---|---|
| 001 | WB2933-14 | ||
| 008 | 090401t1993 xxu||||| |||| 00| 0 eng d | ||
| 035 | _a(Sirsi) u17745 | ||
| 041 | _aeng | ||
| 245 | _aNatural disasters hit insurers | ||
| 260 | _c1993 | ||
| 350 | _a0 | ||
| 490 |
_aFinancial Times _v6 September 1993, 15(2) |
||
| 520 | _aSome insurers and reinsurers, having suffered losses from the rising number of natural disasters, are attempting to predict the effect of global warming on claims. | ||
| 650 | _aFLOODING | ||
| 650 | _aGLOBAL WARMING | ||
| 650 | _aNATURAL DISASTERS | ||
| 650 | _aSTORM DAMAGE | ||
| 690 |
_aInsurance _96249 |
||
| 942 | _n0 | ||
| 948 | _c04/03/1997 | ||
| 999 |
_c11770 _d11770 |
||